[Event "Niedersachsen-ch Seniors op 14th"]
[Site "Bad Bevensen"]
[Date "2011.07.10"]
[Round "6"]
[White "Klein, Alfred"]
[Black "Dziura, Dieter"]
[Result "1/2-1/2"]
[WhiteElo "1506"]
[BlackElo "1646"]
[PlyCount "45"]
[EventDate "2011.07.05"]
[EventType "swiss"]
[EventRounds "9"]
[EventCountry "GER"]
[SourceTitle "EXT 2012"]
[Source "ChessBase"]
[SourceDate "2011.11.24"]
[SourceVersion "1"]
[SourceVersionDate "2011.11.24"]
[SourceQuality "1"]

1. c4 Nf6 2. d4 e6 3. Nc3 Bb4 4. a3 Bxc3+ 5. bxc3 c5 6. Nf3 d5 7. e3 Qa5 8. Qc2 Bd7 9. Bd2 Ba4 10. Qb2 Qc7 11. Rb1 b6 12. cxd5 Nxd5 13. Bb5+ Bxb5 14. Qxb5+ Nd7 15. Ne5 N5f6 16. 0-0 0-0 17. Nf3 a6 18. Qb3 c4 19. Qb4 Nd5 20. Qb2 N7f6 21. Qc2 b5 22. e4 Ne7 23. Bg5 1/2-1/2

[Event "Niedersachsen-ch Seniors op 14th"]
[Site "Bad Bevensen"]
[Date "2011.07.09"]
[Round "5"]
[White "Dziura, Dieter"]
[Black "Hartlaub, Marianne"]
[Result "1-0"]
[WhiteElo "1646"]
[BlackElo "1343"]
[PlyCount "72"]
[EventDate "2011.07.05"]
[EventType "swiss"]
[EventRounds "9"]
[EventCountry "GER"]
[SourceTitle "EXT 2012"]
[Source "ChessBase"]
[SourceDate "2011.11.24"]
[SourceVersion "1"]
[SourceVersionDate "2011.11.24"]
[SourceQuality "1"]

1. e4 d6 2. d4 Nf6 3. Nc3 c6 4. Nf3 Bg4 5. Be2 Nbd7 6. Be3 e5 7. h3 Bxf3 8. Bxf3 Be7 9. Qd2 a6 10. a4 0-0 11. 0-0 Rc8 12. Rfd1 Nb6 13. b3 Qc7 14. dxe5 dxe5 15. a5 Nbd7 16. Na4 c5 17. c4 Qc6 18. Nc3 Rcd8 19. Qc2 h6 20. Nd5 Bd6 21. g4 Nh7 22. h4 Bb8 23. Ne7+ Kh8 24. Nxc6 bxc6 25. g5 g6 26. Bg4 f5 27. exf5 hxg5 28. hxg5 Ndf6 29. gxf6 Rxd1+ 30. Rxd1 g5 31. f3 Nxf6 32. Qh2+ Kg7 33. Bxg5 Ng8 34. Rd7+ Rf7 35. f6+ Nxf6 36. Qh6+ Kg8 1-0

[Event "Niedersachsen-ch Seniors op 14th"]
[Site "Bad Bevensen"]
[Date "2011.07.06"]
[Round "2"]
[White "Neumann, Reinhard"]
[Black "Dziura, Dieter"]
[Result "1/2-1/2"]
[WhiteElo "1465"]
[BlackElo "1646"]
[PlyCount "43"]
[EventDate "2011.07.05"]
[EventType "swiss"]
[EventRounds "9"]
[EventCountry "GER"]
[SourceTitle "EXT 2012"]
[Source "ChessBase"]
[SourceDate "2011.11.24"]
[SourceVersion "1"]
[SourceVersionDate "2011.11.24"]
[SourceQuality "1"]

1. e4 c5 2. Nf3 a6 3. d4 cxd4 4. Nxd4 Nf6 5. Nc3 e5 6. Nb3 Bb4 7. Bd2 Nc6 8. Be2 Bxc3 9. Bxc3 Nxe4 10. Bxe5 0-0 11. Bf4 Qf6 12. Be3 Qxb2 13. 0-0 Nc3 14. Qd2 Nxe2+ 15. Qxe2 d6 16. Rfd1 Be6 17. Nd4 Nxd4 18. Bxd4 Qb5 19. Qf3 Qf5 20. Qxb7 Qxc2 21. Qe7 d5 22. Qa3 1/2-1/2

[Event "GER-ch Seniors 22nd"]
[Site "Berlin"]
[Date "2010.08.18"]
[Round "3"]
[White "Dziura, Dieter"]
[Black "Seidel, Manfred"]
[Result "1-0"]
[WhiteElo "1779"]
[BlackElo "1502"]
[PlyCount "78"]
[EventDate "2010.08.16"]
[EventType "swiss"]
[EventRounds "9"]
[EventCountry "GER"]
[SourceTitle "CBM 138 Extra"]
[Source "ChessBase"]
[SourceDate "2010.10.29"]
[SourceVersion "1"]
[SourceVersionDate "2010.10.29"]
[SourceQuality "1"]

1. e4 e5 2. Nf3 d6 3. Nc3 Bg4 4. Be2 Nc6 5. d3 Nf6 6. Be3 Be7 7. h3 Bxf3 8. Bxf3 0-0 9. Qd2 Nd4 10. Bd1 c5 11. Nd5 Nxd5 12. exd5 Nf5 13. 0-0 b5 14. c3 a6 15. Bg4 Nxe3 16. fxe3 Bg5 17. Qe2 g6 18. e4 Ra7 19. g3 h5 20. Bf3 f5 21. exf5 Rxf5 22. Be4 Rxf1+ 23. Rxf1 Rg7 24. Qf3 Kh7 25. Qxh5+ Bh6 26. h4 c4 27. Qf3 cxd3 28. Qxd3 Qd7 29. h5 Bg5 30. Bxg6+ Kh6 31. Kg2 Qg4 32. Rf8 Bf4 33. Qf3 Qxf3+ 34. Kxf3 Bc1 35. Ke4 Bxb2 36. Kf5 Rxg6 37. hxg6 e4 38. Re8 Bxc3 39. Rxe4 b4 1-0

[Event "GER-ch Seniors-A 20th"]
[Site "Erfurt"]
[Date "2008.08.08"]
[Round "4"]
[White "Dziura, Dieter"]
[Black "Nuenchert, Reinhard"]
[Result "0-1"]
[WhiteElo "1771"]
[BlackElo "1842"]
[PlyCount "75"]
[EventDate "2008.08.05"]
[EventType "swiss"]
[EventRounds "9"]
[EventCountry "GER"]
[SourceTitle "CBM 126 Extra"]
[Source "ChessBase"]
[SourceDate "2008.11.05"]
[SourceVersion "1"]
[SourceVersionDate "2008.11.05"]
[SourceQuality "1"]

1. e4 e6 2. d4 d5 3. Nc3 Bb4 4. e5 c5 5. a3 Ba5 6. Bb5+ Bd7 7. Bxd7+ Nxd7 8. Nf3 Ne7 9. 0-0 0-0 10. Ne2 Nc6 11. c3 cxd4 12. cxd4 Qe8 13. Qd3 f5 14. Nf4 Bd8 15. h4 g6 16. g3 Rf7 17. b4 Nf8 18. Nh3 Rc8 19. Bd2 Nb8 20. Rac1 Rcc7 21. Rxc7 Rxc7 22. Rc1 Rxc1+ 23. Bxc1 Be7 24. Bh6 Nbd7 25. Qc3 Qd8 26. Nhg5 Qb8 27. Qb3 Qc8 28. Qe3 Nb6 29. Nh3 Nc4 30. Qc1 Qc6 31. Nf4 Nxe5 32. Qxc6 Nxf3+ 33. Kg2 Nxh4+ 34. gxh4 bxc6 35. Bxf8 Kxf8 36. Nxe6+ Kf7 37. Nf4 Bxh4 38. Nd3 0-1

[Event "GER-ch Seniors-A 20th"]
[Site "Erfurt"]
[Date "2008.08.05"]
[Round "1"]
[White "Dziura, Dieter"]
[Black "Hesselbarth, Karlheinz"]
[Result "1-0"]
[WhiteElo "1771"]
[BlackElo "1686"]
[PlyCount "42"]
[EventDate "2008.08.05"]
[EventType "swiss"]
[EventRounds "9"]
[EventCountry "GER"]
[SourceTitle "CBM 126 Extra"]
[Source "ChessBase"]
[SourceDate "2008.11.05"]
[SourceVersion "1"]
[SourceVersionDate "2008.11.05"]
[SourceQuality "1"]

1. e4 e5 2. Nf3 Nc6 3. Bc4 Bc5 4. 0-0 Nf6 5. d4 Bxd4 6. Nxd4 exd4 7. Bg5 h6 8. Bf4 g5 9. Bg3 d6 10. Bb5 Bd7 11. Bxc6 Bxc6 12. Qxd4 0-0 13. Nc3 Nh5 14. Rad1 Qe7 15. e5 Nxg3 16. exd6 Ne2+ 17. Nxe2 Qxe2 18. Rfe1 Qxc2 19. dxc7 Rae8 20. Rxe8 Rxe8 21. Qg4 Kh7 1-0

[Event "GER-ch Seniors Gp-A 19th"]
[Site "Templin"]
[Date "2007.08.30"]
[Round "8"]
[White "Dziura, Dieter"]
[Black "Ophoff, Rigobert"]
[Result "1-0"]
[WhiteElo "1800"]
[BlackElo "1862"]
[PlyCount "36"]
[EventDate "2007.08.23"]
[EventType "swiss"]
[EventRounds "9"]
[EventCountry "GER"]
[SourceTitle "EXT 2022"]
[Source "ChessBase"]
[SourceDate "2021.10.06"]
[SourceVersion "1"]
[SourceVersionDate "2021.10.06"]
[SourceQuality "1"]

1. e4 c5 2. Nc3 Nc6 3. d3 g6 4. Be3 b6 5. g3 Bg7 6. Nge2 Bb7 7. Bg2 e6 8. 0-0 Nge7 9. Qd2 d5 10. exd5 exd5 11. Bh6 0-0 12. Bxg7 Kxg7 13. d4 c4 14. Nf4 Nf5 15. Ncxd5 Nfxd4 16. Qc3 f6 17. Rad1 Nb5 18. Qxc4 Nd6 1-0

[Event "GER-ch Seniors Gp-A 19th"]
[Site "Templin"]
[Date "2007.08.23"]
[Round "1"]
[White "Ljubarskaya, Ludmilla"]
[Black "Dziura, Dieter"]
[Result "1/2-1/2"]
[WhiteElo "1951"]
[BlackElo "1800"]
[PlyCount "42"]
[EventDate "2007.08.23"]
[EventType "swiss"]
[EventRounds "9"]
[EventCountry "GER"]
[SourceTitle "EXT 2022"]
[Source "ChessBase"]
[SourceDate "2021.10.06"]
[SourceVersion "1"]
[SourceVersionDate "2021.10.06"]
[SourceQuality "1"]

1. e4 c5 2. Nc3 Nc6 3. g3 g6 4. Bg2 Bg7 5. d3 d6 6. Be3 Nf6 7. h3 a6 8. Qd2 Nd4 9. Nce2 Ne6 10. f4 Nd7 11. c3 Qa5 12. Nf3 b5 13. 0-0 Bb7 14. Nh4 Nc7 15. a3 Ne6 16. f5 Nd8 17. Bh6 Bf6 18. Bg5 Nc6 19. Bxf6 Nxf6 20. fxg6 hxg6 21. Nf3 Qc7 1/2-1/2

[Event "EU-ch Seniors 05th"]
[Site "Bad Homburg"]
[Date "2005.??.??"]
[Round "2"]
[White "Dziura, Dieter"]
[Black "Hvenekilde, Jorgen"]
[Result "1/2-1/2"]
[WhiteElo "2042"]
[BlackElo "2221"]
[PlyCount "45"]
[EventDate "2005.06.25"]
[EventType "swiss"]
[EventRounds "9"]
[EventCountry "GER"]
[SourceTitle "EXT 2006"]
[Source "ChessBase"]
[SourceDate "2005.11.24"]
[SourceVersion "1"]
[SourceVersionDate "2005.11.24"]
[SourceQuality "1"]

1. e4 e5 2. Nf3 Nc6 3. Bb5 Bc5 4. 0-0 Nf6 5. d3 d6 6. h3 Bd7 7. c3 Bb6 8. Ba4 h6 9. Nh2 Qe7 10. Nd2 0-0-0 11. Nc4 d5 12. Nxb6+ axb6 13. exd5 Nxd5 14. Bb3 Qd6 15. Qf3 Be6 16. Rd1 Rhe8 17. Nf1 Kb8 18. Ne3 f6 19. Nc4 Qc5 20. Be3 Nxe3 21. Nxe3 Qd6 22. Ba4 Bd7 23. Bc2 1/2-1/2

[Event "EU-ch Seniors 05th"]
[Site "Bad Homburg"]
[Date "2005.??.??"]
[Round "8"]
[White "Dziura, Dieter"]
[Black "Leutz, Hans"]
[Result "1/2-1/2"]
[WhiteElo "2042"]
[BlackElo "1849"]
[PlyCount "30"]
[EventDate "2005.06.25"]
[EventType "swiss"]
[EventRounds "9"]
[EventCountry "GER"]
[SourceTitle "EXT 2006"]
[Source "ChessBase"]
[SourceDate "2005.11.24"]
[SourceVersion "1"]
[SourceVersionDate "2005.11.24"]
[SourceQuality "1"]

1. e4 c6 2. d4 d5 3. e5 Bf5 4. Bd3 Bxd3 5. Qxd3 e6 6. Ne2 c5 7. c3 cxd4 8. cxd4 Bb4+ 9. Nbc3 Nc6 10. a3 Bxc3+ 11. Nxc3 Nge7 12. 0-0 0-0 13. b4 Rc8 14. Bg5 Qd7 15. Bxe7 Nxe7 1/2-1/2

[Event "Wch Seniors 14th"]
[Site "Halle"]
[Date "2004.10.29"]
[Round "6"]
[White "Merettig, Georg"]
[Black "Dziura, Dieter"]
[Result "0-1"]
[WhiteElo "1930"]
[BlackElo "2062"]
[PlyCount "62"]
[EventDate "2004.10.24"]
[EventType "swiss"]
[EventRounds "11"]
[EventCountry "GER"]
[SourceTitle "EXT 2005"]
[Source "ChessBase"]
[SourceDate "2004.11.15"]
[SourceVersion "1"]
[SourceVersionDate "2004.11.15"]
[SourceQuality "1"]

1. c4 c5 2. g3 g6 3. Bg2 Bg7 4. Nf3 Nf6 5. 0-0 0-0 6. Nc3 Nc6 7. Rb1 e6 8. e4 a6 9. a3 Ng4 10. b4 cxb4 11. axb4 Nge5 12. d3 Nxf3+ 13. Bxf3 Bxc3 14. b5 axb5 15. cxb5 Nd4 16. Bg2 Ra2 17. Bh6 Ne2+ 18. Kh1 Bg7 19. Qb3 Bxh6 20. Qxa2 Nc3 21. Qa7 Nxb1 22. Rxb1 Qc7 23. d4 Qc2 24. Rf1 Qc4 25. Qb6 d5 26. f4 dxe4 27. g4 Bd7 28. Qxb7 Bxb5 29. Qxe4 Rc8 30. f5 Bc6 31. Qe3 Qxf1+ 0-1

[Event "Wch Seniors 14th"]
[Site "Halle"]
[Date "2004.10.25"]
[Round "2"]
[White "Schuessler, Michael"]
[Black "Dziura, Dieter"]
[Result "0-1"]
[WhiteElo "1553"]
[BlackElo "2062"]
[PlyCount "48"]
[EventDate "2004.10.24"]
[EventType "swiss"]
[EventRounds "11"]
[EventCountry "GER"]
[SourceTitle "EXT 2005"]
[Source "ChessBase"]
[SourceDate "2004.11.15"]
[SourceVersion "1"]
[SourceVersionDate "2004.11.15"]
[SourceQuality "1"]

1. e4 d6 2. d4 Nd7 3. c4 e5 4. d5 Nc5 5. Nc3 f5 6. Qc2 fxe4 7. Nxe4 Nxe4 8. Qxe4 Nf6 9. Qc2 Be7 10. Bd3 0-0 11. Nh3 Bxh3 12. gxh3 e4 13. Bxe4 Nxe4 14. Qxe4 Bh4 15. Be3 Bxf2+ 16. Bxf2 Re8 17. Qe6+ Rxe6+ 18. dxe6 Qf6 19. Kf1 Rf8 20. Ke1 Qxf2+ 21. Kd1 Qxb2 22. e7 Qxa1+ 23. Kc2 Qxa2+ 24. Kd1 Qb1+ 0-1

[Event "Wch Seniors 13th"]
[Site "Bad Zwischenahn"]
[Date "2003.??.??"]
[Round "?"]
[White "Karl, Hans"]
[Black "Dziura, Dieter"]
[Result "1-0"]
[WhiteElo "2280"]
[BlackElo "1800"]
[PlyCount "65"]
[EventDate "2003.11.16"]
[EventType "swiss"]
[EventRounds "11"]
[EventCountry "GER"]
[SourceTitle "CBM 097 Extra"]
[Source "ChessBase"]
[SourceDate "2004.01.13"]
[SourceVersion "1"]
[SourceVersionDate "2004.01.13"]
[SourceQuality "1"]

1. d4 Nf6 2. c4 g6 3. Nc3 d5 4. Bg5 dxc4 5. e4 c6 6. e5 Qa5 7. Bd2 Nd5 8. Bxc4 Qd8 9. Qb3 e6 10. Ne4 Be7 11. Nf3 h6 12. a3 a5 13. h4 Na6 14. Rc1 Kf8 15. g3 Nac7 16. Bd3 Ne8 17. Kf1 Ng7 18. Kg2 Nf5 19. h5 g5 20. g4 Ng7 21. Be3 Ne8 22. Rcd1 Nec7 23. Bc1 Ne8 24. Rhf1 Nec7 25. Be2 Kg7 26. Qc2 Kf8 27. Bc4 Rg8 28. Bd2 b6 29. Nh2 Ba6 30. Bxa6 Nxa6 31. Qxc6 Rc8 32. Qb5 Rc2 33. Qxa6 1-0